| 000 | 00682nam a22002177a 4500 | ||
|---|---|---|---|
| 005 | 20170124110245.0 | ||
| 010 | _aA-948057 | ||
| 020 |
_c40.00 _a8186114629 |
||
| 035 | _aA-948057 | ||
| 037 | _bCen Lib/Ret | ||
| 040 |
_aDPL _bEN |
||
| 082 |
_a371.425 _bALL |
||
| 245 |
_aAll India directory of business management and hotel management / _bfor 10+2 / |
||
| 246 | _b | ||
| 260 |
_aDelhi _bStudent Aid Publications _c1999 |
||
| 270 |
_bDelhi _aB-76, Ashok vihar, phase-iv _e110052 |
||
| 300 |
_a160p. _c21cm(Hb) |
||
| 650 |
_aBusiness management -- Directory _997094 |
||
| 650 |
_aHotel management -- Directory _997095 |
||
| 942 |
_2ddc _cEN _h371.425 _mALL |
||
| 999 |
_c135447 _d135447 |
||